[Event "Gibraltar Masters 2015"]
[Site "Caleta ENG"]
[Date "2015.01.27"]
[Round "1.104"]
[White "George, Lolomari Erekosima"]
[Black "Bellon Lopez, Juan Manuel"]
[Result "0-1"]
[BlackTitle "GM"]
[WhiteElo "1857"]
[BlackElo "2370"]
[WhiteFideId "8501076"]
[BlackFideId "2200031"]
[EventDate "2015.01.27"]

1. Nf3 c5 2. g3 Nc6 3. Bg2 g6 4. O-O Bg7 5. c4 e5 6. Nc3 Nge7 7. Ne1 O-O 8. Nc2
d6 9. Ne3 Rb8 10. d3 a6 11. a4 h6 12. Ned5 f5 13. f4 Kh7 14. e3 Be6 15. Rb1 Na7
16. Bd2 Nec6 17. Kh1 e4 18. Qe2 exd3 19. Qxd3 Nb4 20. Qe2 Re8 21. b3 Nac6 22.
Nxb4 Nxb4 23. Rbc1 Re7 24. Rfd1 Bf7 25. Qf3 Qd7 26. Be1 Rbe8 27. Bf2 Qc7 28. Rd2
h5 29. h3 Bf6 30. h4 Qb8 31. Rdd1 Rd8 32. Kh2 Rdd7 33. Rd2 Qh8 34. Na2 Bb2 35.
Rb1 Nxa2 36. Rbxb2 Nc3 37. Be1 Ne4 38. Rdc2 d5 39. cxd5 Bxd5 40. Qe2 Qe8 41. Kh3
Re6 42. a5 Qe7 43. Rb1 Nf6 44. Bf2 Bxg2+ 45. Kxg2 Red6 46. Qf3 Rd3 47. Rcb2 Qe6
48. Rc1 Ne4 49. Rcb1 Nd2 0-1

[Event "Gibraltar Masters 2015"]
[Site "Caleta ENG"]
[Date "2015.01.27"]
[Round "1.106"]
[White "Ladron De Guevara Pinto, Paolo"]
[Black "Gardner, Phillip K"]
[Result "1-0"]
[WhiteTitle "FM"]
[WhiteElo "2367"]
[BlackElo "1788"]
[WhiteFideId "2290847"]
[BlackFideId "413690"]
[EventDate "2015.01.27"]

1. e4 c5 2. Nf3 d6 3. d4 cxd4 4. Nxd4 Nf6 5. Nc3 a6 6. h3 e5 7. Nde2 Be6 8. g3
b5 9. Bg2 Nbd7 10. O-O Nb6 11. f4 Be7 12. g4 Bc4 13. b3 Bxe2 14. Nxe2 Qc7 15. g5
Nfd7 16. f5 b4 17. Be3 Rd8 18. Rc1 Qb7 19. c4 a5 20. Ng3 g6 21. Qf3 O-O 22. f6
Nc5 23. fxe7 Qxe7 24. Qf6 1-0

[Event "Gibraltar Masters 2015"]
[Site "Caleta ENG"]
[Date "2015.01.27"]
[Round "1.106"]
[White "Mahoney, Ian"]
[Black "Paehtz, Thomas"]
[Result "0-1"]
[BlackTitle "GM"]
[WhiteElo "1838"]
[BlackElo "2365"]
[WhiteFideId "2612674"]
[BlackFideId "4611349"]
[EventDate "2015.01.27"]

1. d4 Nf6 2. c4 d6 3. Nf3 c6 4. Nc3 Bf5 5. Nh4 Bd7 6. e4 e5 7. Nf3 Qc7 8. Bg5
Be7 9. h3 O-O 10. Be2 Re8 11. O-O exd4 12. Qxd4 Na6 13. Rfd1 Nc5 14. Bf4 Qb6 15.
Bxd6 Bxd6 16. Qxd6 Nfxe4 17. Nxe4 Rxe4 18. Bd3 Ree8 19. Ng5 h6 20. Nxf7 Re6 21.
Qg3 Kxf7 22. Bf5 Re7 23. Qg6+ Kf8 24. Qh7 Bxf5 25. Qh8+ Kf7 26. Qxa8 Re8 0-1

[Event "Gibraltar Masters 2015"]
[Site "Caleta ENG"]
[Date "2015.01.27"]
[Round "1.107"]
[White "Lejlic, Samir"]
[Black "Bohman, Leif"]
[Result "1-0"]
[WhiteTitle "IM"]
[WhiteElo "2354"]
[BlackElo "1803"]
[WhiteFideId "1703790"]
[BlackFideId "1710354"]
[EventDate "2015.01.27"]

1. e4 e6 2. d4 d5 3. exd5 exd5 4. c4 c6 5. Nc3 Ne7 6. Nf3 Bf5 7. Qb3 Qb6 8. c5
Qxb3 9. axb3 a6 10. b4 f6 11. b5 cxb5 12. Nxb5 Kd7 13. Nd6 Ra7 14. Nxf5 Nxf5 15.
Bd3 Ne7 16. O-O Nbc6 17. Bd2 g6 18. b4 Bg7 19. Rfe1 Raa8 20. Rab1 Nd8 21. b5
axb5 22. Bxb5+ Nec6 23. h4 Re8 24. h5 Rxe1+ 25. Nxe1 f5 26. Nf3 Ra7 27. h6 Bh8
28. Ng5 Bxd4 29. Nxh7 Ne6 30. g4 Ra1 31. Rxa1 Bxa1 32. Bg5 Nxg5 33. Nxg5 Ke7 34.
gxf5 gxf5 35. Kg2 Kf6 36. f4 Kg6 37. h7 Kg7 38. Bd3 Ne7 39. Ne6+ Kxh7 40. Nd8
Kg6 41. Nxb7 Bd4 42. Bb5 Kf6 43. Bd7 Kg6 44. Kf3 Kf6 45. c6 Bb6 46. Nd6 Ba5 47.
c7 d4 48. c8=Q Nxc8 49. Bxc8 1-0

[Event "Gibraltar Masters 2015"]
[Site "Caleta ENG"]
[Date "2015.01.27"]
[Round "1.108"]
[White "Christophe-hayot, Romain"]
[Black "Christiansen, Johan-Sebastian"]
[Result "0-1"]
[BlackTitle "FM"]
[WhiteElo "1793"]
[BlackElo "2354"]
[WhiteFideId "698024"]
[BlackFideId "1512668"]
[EventDate "2015.01.27"]

1. Nf3 d5 2. d4 Nf6 3. g3 Bg4 4. Nbd2 Nbd7 5. Bg2 e6 6. O-O Be7 7. Re1 O-O 8. c4
c5 9. cxd5 Nxd5 10. a3 Rc8 11. dxc5 Nxc5 12. Ne5 Bh5 13. Ne4 Qb6 14. Nxc5 Bxc5
15. Nd3 Bd4 16. Qa4 Bg6 17. e4 Nf6 18. Be3 Rfd8 19. b4 Bxe3 20. Rxe3 Ng4 21. Rf3
Rxd3 0-1

[Event "Gibraltar Masters 2015"]
[Site "Caleta ENG"]
[Date "2015.01.27"]
[Round "1.109"]
[White "Zwahr, Paul"]
[Black "Greibrokk, Ingrid Andrea"]
[Result "1-0"]
[WhiteTitle "FM"]
[WhiteElo "2354"]
[BlackElo "1758"]
[WhiteFideId "24609749"]
[BlackFideId "1518321"]
[EventDate "2015.01.27"]

1. e4 c5 2. Nf3 d6 3. d4 cxd4 4. Nxd4 Nf6 5. Nc3 Nc6 6. Bg5 e5 7. Ndb5 a6 8. Na3
b5 9. Nd5 Be7 10. Bxf6 gxf6 11. c3 f5 12. exf5 Bxf5 13. Nc2 O-O 14. Nce3 Bg6 15.
Be2 Bg5 16. O-O Rc8 17. a4 Rb8 18. axb5 axb5 19. Ra6 Ne7 20. Nxe7+ Bxe7 21. Nd5
Bg5 22. Nb4 Rb6 23. Nc6 Qc7 24. Rxb6 Qxb6 25. Qxd6 1-0

[Event "Gibraltar Masters 2015"]
[Site "Caleta ENG"]
[Date "2015.01.27"]
[Round "1.110"]
[White "Kristinsson, Magnus"]
[Black "Wemmers, Xander"]
[Result "0-1"]
[BlackTitle "IM"]
[WhiteElo "1744"]
[BlackElo "2353"]
[WhiteFideId "2305682"]
[BlackFideId "1004182"]
[EventDate "2015.01.27"]

1. e4 e5 2. Nf3 Nc6 3. d4 exd4 4. Nxd4 Bc5 5. Nxc6 Qf6 6. f4 Qxc6 7. Nc3 Nf6 8.
Qf3 O-O 9. Bd2 d6 10. h3 Nxe4 11. Nxe4 Re8 12. O-O-O Qxe4 13. Re1 Qxe1+ 14. Bxe1
Rxe1+ 15. Kd2 Re3 16. Qh5 g6 17. Qh4 Bf5 18. Rh2 Rae8 19. g4 Bd7 20. Bd3 Rf3 21.
f5 Be3+ 22. Kd1 Kg7 23. fxg6 hxg6 24. Be2 Bc6 25. c3 Bf4 26. Bxf3 Bxf3+ 27. Kc2
Bxh2 28. Kb3 Re5 29. Qf2 Bd1+ 30. Ka3 0-1

[Event "Gibraltar Masters 2015"]
[Site "Caleta ENG"]
[Date "2015.01.27"]
[Round "1.111"]
[White "Bartel, Marta"]
[Black "Opasiak, Dustin Tennessee"]
[Result "1-0"]
[WhiteTitle "WGM"]
[WhiteElo "2347"]
[BlackElo "1729"]
[WhiteFideId "1123009"]
[BlackFideId "24630217"]
[EventDate "2015.01.27"]

1. d4 c5 2. d5 e5 3. e4 d6 4. Nc3 Nf6 5. Nf3 Be7 6. Bb5+ Nbd7 7. a4 O-O 8. O-O
Ne8 9. Nd2 Bg5 10. Be2 g6 11. Nc4 Bxc1 12. Qxc1 Nb6 13. Ne3 a5 14. Ra3 Qc7 15.
Rb3 f5 16. exf5 Bxf5 17. Nxf5 Rxf5 18. Bg4 Rf4 19. Be6+ Kh8 20. Nb5 Qe7 21. g3
Rf8 22. Nc3 Qc7 23. f4 exf4 24. Rxf4 Ng7 25. Qf1 Rxf4 26. Qxf4 Nh5 27. Qf1 c4
28. Rb5 Re8 29. Qf2 Nd7 30. Qf7 Nhf6 31. Bxd7 1-0

[Event "Gibraltar Masters 2015"]
[Site "Caleta ENG"]
[Date "2015.01.27"]
[Round "1.112"]
[White "Bauer, Dieter"]
[Black "Soumya, Swaminathan"]
[Result "0-1"]
[BlackTitle "WGM"]
[WhiteElo "1728"]
[BlackElo "2346"]
[WhiteFideId "4667751"]
[BlackFideId "5016193"]
[EventDate "2015.01.27"]

1. e4 c5 2. Nf3 d6 3. d4 cxd4 4. Nxd4 Nf6 5. Nc3 Nc6 6. h3 e6 7. Be3 Be7 8. Qd2
a6 9. g4 Nd7 10. O-O-O O-O 11. Kb1 Nxd4 12. Bxd4 b5 13. Ne2 Bb7 14. f3 Re8 15.
Ng3 Bf8 16. Qf2 Qc7 17. Rg1 Rac8 18. g5 Ne5 19. h4 Nxf3 20. Bb6 Qc6 21. Rg2 Ne5
22. Nh5 Qxe4 23. Rg3 Qf5 24. Qh2 Bf3 25. Bh3 Qe4 0-1

[Event "Gibraltar Masters 2015"]
[Site "Caleta ENG"]
[Date "2015.01.27"]
[Round "1.113"]
[White "Dragnev, Valentin"]
[Black "Homer, Neil S"]
[Result "1-0"]
[WhiteTitle "FM"]
[WhiteElo "2344"]
[BlackElo "1716"]
[WhiteFideId "1634852"]
[BlackFideId "418676"]
[EventDate "2015.01.27"]

1. e4 c6 2. d4 d5 3. e5 c5 4. Nf3 Bg4 5. Bb5+ Nc6 6. c4 e6 7. Nbd2 Be7 8. Qa4
Qc7 9. dxc5 Bxf3 10. Nxf3 Bxc5 11. cxd5 exd5 12. Bg5 Be7 13. Bf4 a6 14. Nd4 Rc8
15. Bxc6+ bxc6 16. Rc1 Qb6 17. Nxc6 Kf8 18. O-O Bc5 19. Nd4 Ne7 20. Nb3 g6 21.
Bh6+ Kg8 22. Rxc5 1-0

[Event "Gibraltar Masters 2015"]
[Site "Caleta ENG"]
[Date "2015.01.27"]
[Round "1.114"]
[White "Beadle, John R"]
[Black "Bellin, Robert"]
[Result "0-1"]
[BlackTitle "IM"]
[WhiteElo "1694"]
[BlackElo "2338"]
[WhiteFideId "402818"]
[BlackFideId "400343"]
[EventDate "2015.01.27"]

1. e4 c5 2. Nf3 d6 3. d4 cxd4 4. Nxd4 Nf6 5. Nc3 Nc6 6. Be2 g6 7. O-O Bg7 8. Be3
O-O 9. f4 Bd7 10. Qd2 Nxd4 11. Bxd4 Bc6 12. Bf3 e5 13. Bf2 Bh6 14. g3 Re8 15.
Rad1 exf4 16. Qxd6 Qxd6 17. Rxd6 Bxe4 18. Rxf6 Bxf3 19. Bc5 Bc6 20. gxf4 Bg7 21.
Rd6 Bf8 0-1

[Event "Gibraltar Masters 2015"]
[Site "Caleta ENG"]
[Date "2015.01.27"]
[Round "1.115"]
[White "Vuilleumier, Alexandre"]
[Black "Aure, Anders Nilsson"]
[Result "1-0"]
[WhiteTitle "IM"]
[WhiteElo "2336"]
[BlackElo "1688"]
[WhiteFideId "1305662"]
[BlackFideId "1514059"]
[EventDate "2015.01.27"]

1. e4 c5 2. Nf3 d6 3. d4 cxd4 4. Nxd4 Nf6 5. Nc3 g6 6. Be3 Bg7 7. Be2 Nc6 8. Qd2
O-O 9. O-O-O Nxd4 10. Bxd4 Be6 11. Kb1 Qc7 12. f4 Rfc8 13. e5 dxe5 14. Bxe5 Qa5
15. a3 Rd8 16. Qe3 Ng4 17. Bxg4 Bxg4 18. Rxd8+ Rxd8 19. Bxg7 Kxg7 20. Qxe7 Rd7
21. Qe3 a6 22. h3 Be6 23. g4 Qd8 24. b3 Bd5 25. Rh2 Bc6 26. g5 Re7 27. Qc5 Re1+
28. Kb2 Qe7 29. Qd4+ Kg8 30. Rd2 Re3 31. h4 Rh3 32. Re2 Qd7 33. Qxd7 Bxd7 34.
Nd5 Kg7 35. Nf6 Bc6 36. Rd2 Kf8 37. Nxh7+ Ke7 38. Nf6 Rxh4 39. Rd4 Rh2 40. Ng4
Re2 41. Kc3 Be4 42. Rd2 Rxd2 43. Kxd2 Kd6 44. c4 Bf5 45. Ne3 Be6 46. Kc3 a5 47.
Kd4 b6 48. b4 axb4 49. axb4 Bd7 50. b5 Kc7 51. Nd5+ Kb7 52. Ke5 Be6 53. Kf6 Ka7
54. Ke7 Kb7 55. Kd6 1-0

[Event "Gibraltar Masters 2015"]
[Site "Caleta ENG"]
[Date "2015.01.27"]
[Round "1.116"]
[White "Kuenitz, Klaus"]
[Black "Holm, Kristian Stuvik"]
[Result "0-1"]
[BlackTitle "FM"]
[WhiteElo "1680"]
[BlackElo "2330"]
[WhiteFideId "4640713"]
[BlackFideId "1508083"]
[EventDate "2015.01.27"]

1. d4 c5 2. Nf3 cxd4 3. Nxd4 d5 4. g3 e5 5. Nf3 Nc6 6. Bg2 Nf6 7. O-O Be7 8. b3
O-O 9. Bb2 Qc7 10. Nc3 Rd8 11. Nb5 Qa5 12. a4 a6 13. Nxe5 Nxe5 14. Bxe5 axb5 15.
axb5 Ba3 16. Bb2 Bxb2 17. Rxa5 Rxa5 18. c4 Be5 19. Qd2 Ra8 20. Qg5 Re8 21. Qd2
Bd7 22. e3 dxc4 23. bxc4 Rac8 24. Qb4 b6 25. Rd1 Bg4 26. Rc1 Red8 27. Bb7 Rc7
28. Bc6 Bd6 29. Qd2 Be7 30. Qb2 Bc5 31. Kg2 Re7 32. h3 Bc8 33. Qe2 h6 34. Qf3
Rd2 35. Rd1 Rxd1 36. Qxd1 Bf5 37. g4 Bg6 38. Kg3 Kh7 39. h4 h5 40. g5 Ne4+ 41.
Kg2 Ra7 42. Qb3 Ra3 43. Qb2 Rd3 44. Qe5 Nd6 45. Bd5 Rd2 46. Qc3 Rc2 47. Qb3 Nf5
48. Be4 Nxh4+ 49. Kg3 Bxe4 0-1

[Event "Gibraltar Masters 2015"]
[Site "Caleta ENG"]
[Date "2015.01.27"]
[Round "1.117"]
[White "Povah, Nigel E"]
[Black "Sajjadi, Kimiya"]
[Result "1-0"]
[WhiteTitle "IM"]
[WhiteElo "2324"]
[BlackElo "1634"]
[WhiteFideId "400467"]
[BlackFideId "1516434"]
[EventDate "2015.01.27"]

1. d4 d5 2. Nf3 Nf6 3. e3 e6 4. Bd3 c5 5. b3 Nc6 6. O-O Bd7 7. Bb2 cxd4 8. exd4
Bd6 9. Re1 O-O 10. a3 a6 11. Nbd2 b5 12. Ne5 Ne7 13. f4 Ng6 14. Qf3 Nh4 15. Qh3
Ng6 16. Rf1 Qc7 17. Rae1 Rfe8 18. Re3 Rac8 19. Rf2 Bc6 20. g4 Nd7 21. Qh5 Nf6
22. Qh3 Nd7 23. Ndf3 Ndf8 24. Ng5 Re7 25. Qh5 h6 26. Nh3 Be8 27. g5 Bxe5 28.
fxe5 f6 29. gxf6 gxf6 30. exf6 Rh7 31. Rg3 Qf7 32. Nf4 Qxf6 33. Nxg6 1-0

[Event "Gibraltar Masters 2015"]
[Site "Caleta ENG"]
[Date "2015.01.27"]
[Round "1.124"]
[White "Morais, Vitor"]
[Black "Guerrero Vargas, Andres"]
[Result "0-1"]
[BlackTitle "FM"]
[WhiteElo "1934"]
[BlackElo "2320"]
[WhiteFideId "1900552"]
[BlackFideId "3902048"]
[EventDate "2015.01.27"]

1. Nc3 c5 2. e4 Nc6 3. g3 g6 4. Bg2 Bg7 5. Nge2 d6 6. O-O e5 7. d3 Nge7 8. f4
O-O 9. Nd5 Nxd5 10. exd5 Ne7 11. c3 Rb8 12. Kh1 b5 13. Be3 Bb7 14. Qb3 Qc7 15.
Rad1 a5 16. c4 bxc4 17. Qxc4 Ba8 18. fxe5 Bxe5 19. d4 Rb4 20. Qc1 Bg7 21. dxc5
Rxb2 22. Nc3 Rxg2 23. Kxg2 Bxc3 24. Qxc3 Nxd5 25. Rxd5 Bxd5+ 26. Kg1 Re8 27. Bd4
Ba8 28. c6 Qxc6 29. Qxc6 Bxc6 30. Rc1 Bd5 31. a3 g5 32. Bf6 g4 33. Rd1 Bf3 34.
Rd2 d5 35. Kf2 h5 36. h4 Kh7 37. Bc3 a4 38. Bb4 Kg6 39. Bc5 Rc8 40. Bd6 Rc6 41.
Bf4 Rc3 42. Bd6 Kf5 43. Rd4 Ke6 44. Bf8 Be4 45. Rxa4 Rf3+ 46. Kg2 Kf5 47. Rb4
Rxa3+ 48. Kf2 Rf3+ 49. Kg2 d4 50. Bd6 d3 51. Rb5+ Kf6 52. Be5+ Ke6 53. Bc3 Rf5+ 0-1

[Event "Gibraltar Masters 2015"]
[Site "Caleta ENG"]
[Date "2015.01.27"]
[Round "1.118"]
[White "Tveten, Per"]
[Black "Watson, John L"]
[Result "0-1"]
[BlackTitle "IM"]
[WhiteElo "1601"]
[BlackElo "2319"]
[WhiteFideId "1516701"]
[BlackFideId "2000768"]
[EventDate "2015.01.27"]

1. e4 e6 2. Nc3 d5 3. exd5 exd5 4. d4 Bb4 5. Nf3 Nf6 6. Bd2 O-O 7. Be2 c6 8. O-O
Nbd7 9. a3 Bd6 10. Bg5 Re8 11. Re1 Nf8 12. h3 h6 13. Bh4 Ng6 14. Bg3 Bxg3 15.
fxg3 Qd6 16. Bd3 Bd7 17. Bxg6 fxg6 18. Ne5 Bf5 19. g4 Be4 20. Qd2 c5 21. g5 hxg5
22. Nb5 Qb6 23. a4 a6 24. Nc3 cxd4 25. Nxe4 Nxe4 26. a5 Qd6 27. Qxd4 Qxe5 28.
Rad1 Qxd4+ 29. Rxd4 Nf6 30. c4 Rxe1+ 31. Kf2 Rb1 0-1

[Event "Gibraltar Masters 2015"]
[Site "Caleta ENG"]
[Date "2015.01.27"]
[Round "1.119"]
[White "Salomon, Johan"]
[Black "Gouait, Raymond"]
[Result "1-0"]
[WhiteTitle "FM"]
[WhiteElo "2319"]
[BlackElo "1595"]
[WhiteFideId "1509500"]
[BlackFideId "20621604"]
[EventDate "2015.01.27"]

1. d4 Nf6 2. c4 e6 3. Nc3 Bb4 4. Qc2 O-O 5. Nf3 d5 6. a3 Bxc3+ 7. Qxc3 Ne4 8.
Qc2 Nd7 9. e3 c5 10. dxc5 Ndxc5 11. b4 Nd7 12. Bb2 Ndf6 13. Bd3 Bd7 14. O-O g6
15. Ne5 Rc8 16. Rfd1 Qc7 17. Nxd7 Qxd7 18. Bxe4 Nxe4 19. Qxe4 Rxc4 20. Qxc4 1-0

[Event "Gibraltar Masters 2015"]
[Site "Caleta ENG"]
[Date "2015.01.27"]
[Round "1.120"]
[White "Magnusdottir, Veronika Steinunn"]
[Black "Sorm, Daniel"]
[Result "0-1"]
[BlackTitle "FM"]
[WhiteElo "1566"]
[BlackElo "2319"]
[WhiteFideId "2309114"]
[BlackFideId "5400139"]
[EventDate "2015.01.27"]

1. e4 c5 2. Nf3 Nc6 3. d4 cxd4 4. Nxd4 Nf6 5. Nc3 d6 6. Bg5 Qb6 7. Nb3 e6 8. Qd2
Be7 9. O-O-O O-O 10. f4 Rd8 11. Bc4 a6 12. Qe2 Qc7 13. Nd4 Nxd4 14. Rxd4 b5 15.
Bb3 h6 16. Bh4 Nxe4 17. Qxe4 Bxh4 18. Qxa8 Bb7 19. Nxb5 axb5 20. Qa3 Bf2 21. Qb4
Bxg2 22. Rhd1 Be3+ 23. Kb1 Bxd4 24. Qxd4 Bh3 25. Qd3 Bf5 26. Qxb5 Rc8 27. Qe2 d5
28. Qf2 Kf8 29. Kc1 g5 30. fxg5 hxg5 31. c3 Qe5 32. Re1 Be4 33. Qe3 Qf4 34. Qxf4
gxf4 35. Bc2 f5 36. Rf1 e5 37. Kd1 Ke7 38. Bxe4 fxe4 39. h4 Rg8 40. Ke1 e3 41.
a4 Rg2 42. a5 Rxb2 43. Rg1 Rb1+ 0-1

[Event "Gibraltar Masters 2015"]
[Site "Caleta ENG"]
[Date "2015.01.27"]
[Round "1.125"]
[White "Janev, Pavel"]
[Black "Curado, Manuel Joao Ferro"]
[Result "1-0"]
[WhiteElo "2196"]
[BlackElo "1860"]
[WhiteFideId "2910756"]
[BlackFideId "1905112"]
[EventDate "2015.01.27"]

1. e4 c5 2. Nf3 Nf6 3. Nc3 d5 4. Bb5+ Bd7 5. Bxd7+ Qxd7 6. exd5 Nxd5 7. Nxd5
Qxd5 8. d4 e6 9. Be3 Nc6 10. dxc5 Rd8 11. Qxd5 Rxd5 12. c4 Rf5 13. Ke2 h5 14. b4
Be7 15. Nd4 Nxd4+ 16. Bxd4 O-O 17. Rhd1 Rc8 18. Be3 Bf6 19. Rab1 Rc7 20. Rb3 b6
21. cxb6 axb6 22. Bxb6 Rxc4 23. Be3 Rb5 24. Bc5 Rc2+ 25. Rd2 Rc1 26. a4 Rb7 27.
Ra3 Bc3 28. Rd1 Rxd1 29. Kxd1 Bxb4 30. Bxb4 Rxb4 31. Kc2 Kf8 32. Kc3 Rb7 33. Kc4
Ke7 34. a5 Kd6 35. a6 Ra7 36. Kb5 Kc7 37. Rc3+ Kb8 38. Rd3 Kc7 39. Ra3 Ra8 40.
a7 Kb7 41. f4 Rc8 42. a8=Q+ Rxa8 43. Rxa8 Kxa8 44. Kc6 h4 45. Kd6 g5 46. fxg5
Kb7 47. g6 1-0

[Event "Gibraltar Masters 2015"]
[Site "Caleta ENG"]
[Date "2015.01.27"]
[Round "1.126"]
[White "Bouxo, Luis Antonio Maximino"]
[Black "Adewole, Adeyinka"]
[Result "0-1"]
[WhiteElo "1711"]
[BlackElo "1962"]
[WhiteFideId "1904647"]
[BlackFideId "8502544"]
[EventDate "2015.01.27"]

1. d4 d5 2. c4 c6 3. Nf3 Nf6 4. Nc3 g6 5. e3 Bg7 6. Bd3 O-O 7. c5 Bg4 8. h3 Bxf3
9. gxf3 e5 10. Ne2 Nbd7 11. Bd2 Re8 12. Qc2 exd4 13. Nxd4 Ne5 14. Be2 Qc7 15.
O-O-O Rab8 16. f4 Ned7 17. f3 Bf8 18. Nb3 Nh5 19. Bd3 b6 20. cxb6 axb6 21. Rde1
Qa7 22. Kb1 c5 23. Bb5 Rec8 24. Bc3 d4 25. exd4 Nxf4 26. dxc5 Nxc5 27. Be5 Ra8
28. a3 Ncd3 29. Qd2 Bb4 30. Bc3 Bxc3 31. bxc3 Qxa3 32. Bxd3 Qxb3+ 33. Qb2 Qxb2+
34. Kxb2 Nxd3+ 0-1

[Event "Gibraltar Masters 2015"]
[Site "Caleta ENG"]
[Date "2015.01.27"]
[Round "1.123"]
[White "Spraggett, Kevin"]
[Black "Godinho Marques, Pedro"]
[Result "1-0"]
[WhiteTitle "GM"]
[WhiteElo "2538"]
[BlackElo "1950"]
[WhiteFideId "2600013"]
[BlackFideId "1928414"]
[EventDate "2015.01.27"]

1. c4 e6 2. Nf3 d5 3. d4 c5 4. cxd5 exd5 5. g3 Nc6 6. Bg2 Nf6 7. O-O Be7 8. Be3
c4 9. b3 Na5 10. Ne5 cxb3 11. axb3 O-O 12. Nc3 Be6 13. Bd2 Nc6 14. Nxc6 bxc6 15.
Na4 Ne4 16. Be3 Bb4 17. Rc1 Rc8 18. f3 Nd6 19. Bf2 Re8 20. e4 Nb7 21. e5 Qd7 22.
f4 Bg4 23. Qd3 Na5 24. Be1 Bf5 25. Qe3 Qb7 26. Bxb4 Qxb4 27. Nc5 Qb5 28. h3 h5
29. Qf3 Rb8 30. Rc3 Qb4 31. Qe3 Qb6 32. Ra1 Bc8 33. Bf1 Qc7 34. Qc1 Qd8 35. Qa3
Nb7 36. Na6 Qb6 37. Qa4 Ra8 38. Rxc6 Qd8 39. Rc7 Na5 40. Qxa5 1-0

[Event "Gibraltar Masters 2015"]
[Site "Caleta ENG"]
[Date "2015.01.28"]
[Round "2.9"]
[White "Javakhishvili, Lela"]
[Black "Matlakov, Maxim"]
[Result "1/2-1/2"]
[WhiteTitle "IM"]
[BlackTitle "GM"]
[WhiteElo "2486"]
[BlackElo "2695"]
[WhiteFideId "13601458"]
[BlackFideId "4168003"]
[EventDate "2015.01.27"]

1. d4 Nf6 2. c4 g6 3. Nf3 Bg7 4. g3 c5 5. d5 O-O 6. Nc3 d6 7. Bg2 e6 8. O-O exd5
9. cxd5 Re8 10. Nd2 Nbd7 11. a4 a6 12. Nc4 Ne5 13. Nxe5 Rxe5 14. e4 Re8 15. Qc2
Rb8 16. Rb1 Qc7 17. b3 b5 18. axb5 axb5 19. Bb2 b4 20. Na4 Nd7 21. Bxg7 Kxg7 22.
Nb2 Ba6 23. Rfe1 Qd8 24. Bf1 Bxf1 25. Kxf1 Qf6 26. Nc4 Ne5 27. Nxe5 Rxe5 28. Kg2
Re7 29. Re3 Ra8 30. Rbe1 Qd4 31. Rd1 Qf6 32. Rde1 Rc8 33. f4 c4 34. e5 Qf5 35.
Qxf5 gxf5 36. bxc4 Rxc4 37. Rd3 Re4 38. exd6 Rxe1 39. dxe7 Rxe7 40. d6 Rd7 41.
Rb3 Rxd6 42. Rxb4 Rd2+ 1/2-1/2

[Event "Gibraltar Masters 2015"]
[Site "Caleta ENG"]
[Date "2015.01.28"]
[Round "2.10"]
[White "Cheparinov, Ivan"]
[Black "Smith, Axel"]
[Result "1-0"]
[WhiteTitle "GM"]
[BlackTitle "IM"]
[WhiteElo "2681"]
[BlackElo "2483"]
[WhiteFideId "2905540"]
[BlackFideId "1707930"]
[EventDate "2015.01.27"]

1. d4 Nf6 2. c4 e6 3. Nf3 d5 4. g3 dxc4 5. Bg2 Bb4+ 6. Bd2 c5 7. Bxb4 cxb4 8.
Ne5 O-O 9. a3 Nc6 10. Bxc6 bxc6 11. axb4 Qe7 12. O-O Qxb4 13. Nd2 c5 14. Ndxc4
Bd7 15. b3 cxd4 16. Qxd4 Bb5 17. Rfd1 Nd5 18. Rd3 Qe7 19. Rd2 f6 20. Nf3 Rfd8
21. Rad1 Rd7 22. Qa1 Rad8 23. Nd4 a6 24. Qa5 Nc7 25. h4 Kf7 26. Nxb5 axb5 27.
Nb6 Rxd2 28. Rxd2 Rxd2 29. Qxd2 Kf8 30. Nc8 Qc5 31. Qd7 h5 32. e4 b4 33. Nd6 Kg8
34. e5 fxe5 35. Qf7+ Kh8 36. Qxh5+ Kg8 37. Qf7+ Kh8 38. Ne4 Qc1+ 39. Kh2 Qc2 40.
Qh5+ Kg8 41. Qxe5 Qd3 42. Ng5 Qd7 43. Qe4 Kf8 44. Qxb4+ Ke8 45. Qe4 Kd8 46. Qf4
Kc8 47. Ne4 Kb8 48. Nc5 Qc6 49. b4 Ka7 50. Qf7 Kb6 51. Qxg7 Kb5 52. Qe5 Kxb4 53.
Qxc7 Kxc5 54. Qxc6+ Kxc6 55. h5 Kd5 1-0

[Event "Gibraltar Masters 2015"]
[Site "Caleta ENG"]
[Date "2015.01.28"]
[Round "2.11"]
[White "Zhukova, Natalia"]
[Black "Rodshtein, Maxim"]
[Result "0-1"]
[WhiteTitle "GM"]
[BlackTitle "GM"]
[WhiteElo "2482"]
[BlackElo "2680"]
[WhiteFideId "14101513"]
[BlackFideId "2806851"]
[EventDate "2015.01.27"]

1. Nf3 Nf6 2. c4 c5 3. d4 cxd4 4. Nxd4 Nc6 5. Nc3 e6 6. Bf4 d5 7. cxd5 Nxd5 8.
Nxc6 bxc6 9. Bd2 Bb4 10. Nxd5 Bxd2+ 11. Qxd2 cxd5 12. e3 O-O 13. Be2 a5 14. O-O
Qb6 15. Rfc1 Bd7 16. Rc3 a4 17. Rac1 Rfb8 18. R1c2 Be8 19. h3 h6 20. Qc1 Bd7 21.
Rc7 Rd8 22. Qd2 Be8 23. Qc3 Rab8 24. Qe5 Qb4 25. Kh2 Qd6 26. Qxd6 Rxd6 27. Rc8
Rdb6 28. Rxb8 Rxb8 29. a3 Kf8 30. Kg1 Ke7 31. Kf1 Kd6 32. Ke1 f6 33. Rd2 g5 34.
Bd1 Bc6 35. Bf3 f5 36. g3 e5 37. Bd1 f4 38. Bf3 Rb3 39. Bxd5 fxe3 40. fxe3 Bxd5 0-1

[Event "Gibraltar Masters 2015"]
[Site "Caleta ENG"]
[Date "2015.01.28"]
[Round "2.14"]
[White "Jones, Gawain C B"]
[Black "Melia, Salome"]
[Result "1-0"]
[WhiteTitle "GM"]
[BlackTitle "IM"]
[WhiteElo "2671"]
[BlackElo "2473"]
[WhiteFideId "409561"]
[BlackFideId "13602446"]
[EventDate "2015.01.27"]

1. e4 c5 2. Nf3 Nc6 3. Bb5 g6 4. Bxc6 bxc6 5. O-O Bg7 6. h3 Nf6 7. Re1 O-O 8. c3
Rb8 9. d4 cxd4 10. e5 Nd5 11. Qxd4 a5 12. c4 Nb4 13. Re2 d6 14. a3 Na6 15. Nc3
Nc5 16. Qh4 Nb3 17. Rb1 Bf5 18. Ng5 h6 19. Nge4 d5 20. cxd5 cxd5 21. Bxh6 Bxe4
22. Rd1 Qe8 23. f3 Bf5 24. Nxd5 Bxh6 25. Qxh6 Rd8 26. Nf6+ exf6 27. exf6 Rxd1+
28. Kh2 Qb8+ 29. g3 1-0